000 02889nam a22004097a 4500
005 20100505160519.0
010 _aB-410683-688 B-410792-796
020 _a9780670083374
_c499.00
035 _aB-410683-688
035 _aB-410792-776
037 _bSuper Books
082 _a821
100 _aGulazāra
_922228
245 _a100 lyrics /
_cby Gulzar ; translated by Sunjoy Shekhar
246 _aOne hundred lyrics
260 _aNew Delhi
_bPenguin, Viking
_c2009
270 _a11 Community Centre, Panchsheel Park
_bNew Delhi
_e110017
300 _ax, 242 p. :
_bill. ;
_c23 cm(Hb)
500 _aIncludes indexes
600 _aGulazāra
_vTranslations into English.
_922229
650 _aSongs, Hindi
_vTexts.
_922230
700 _aShekhar, Sunjoy
_921672
942 _2ddc
_cEN
_h821
_mGUL
999 _c35722
_d35722